| 000 | 01178nam a2200241 a 4500 | ||
|---|---|---|---|
| 005 | 20230221063616.0 | ||
| 008 | 120123s2006 mx r 000 0 spa d | ||
| 020 | _a968908254X | ||
| 035 | _aUPN01000183038 | ||
| 049 | _aLTG | ||
| 050 | 4 |
_aLB2003.3 A1.46 _bG3.2 |
|
| 100 | 1 | _aGarcía Treviño, Manuel Antonio | |
| 245 | 1 | 4 |
_aLas adecuaciones del currículo a las necesidades educativas del alumnado : _bla propuesta curricular adaptada en educación especial / _cManuel Antonio García Treviño, Héctor Javier Herrera Rodríguez, María Norma Hernández Beltrán. |
| 260 |
_aMéxico : _bSEP, Subsecretaría de Educación Básica : _bSecretaría de Educación de Nuevo León, _c2006. |
||
| 300 | _a35 p. | ||
| 440 | 0 |
_aPrograma Nacional para la Actualización Permanente de los Maestros de Educación Básica en Servicio. _pTalleres Generales de Actualización 2006-2007 |
|
| 500 | _a"Educación especial Nuevo León" | ||
| 650 | 4 |
_aMAESTROS DE EDUCACION ESPECIAL - _xFORMACION PROFESIONAL _9852 |
|
| 650 | 2 |
_aDesarrollo curricular _9405 |
|
| 700 | 1 |
_aHerrera Rodríguez, Héctor Javier, _ecoaut. |
|
| 700 | 1 |
_aHernández Beltrán, María Norma, _ecoaut. |
|
| 905 | _aLibro | ||
| 999 |
_c155141 _d155141 |
||